With the Russians in Mongolia /

Bibliographic Details
Main Authors: Perry-Ayscough, Henry George Charles, Otter-Barry, Robert Bruère, 1879- (Author)
Format: Book
Language:English
Published: London : New York : John Lane; John Lane Co.; [etc.], 1914.
Subjects:

MARC

Tag First Indicator Second Indicator Subfields
LEADER 00000cam a2200000I 4500
001 in00002016243
005 20151031155207.0
008 720921s1914 enkbcf 000 0 eng
010 |a  14006445  
035 |a (OCoLC)ocm00411965 
040 |a DLC  |c WSU  |d SER  |d OCL  |d OCLCQ  |d UtOrBLW 
043 |a a-mp--- 
049 |a TXAM 
050 0 0 |a DS793.M7  |b P47 1914 
100 1 |a Perry-Ayscough, Henry George Charles. 
245 1 0 |a With the Russians in Mongolia /  |c by H.G.C. Perry-Ayscough ... and Captain R.B. Otter-Barry ... with a preface by the Right Honourable Sir Claude Macdonald ... illustrated with 50 photographs and a map. 
264 1 |a London :  |b John Lane;  |a New York :  |b John Lane Co.; [etc.],  |c 1914. 
300 |a xxii pages, 1 leaf, 344 pages :  |b frontispiece, plates, portraits, folded map. ;  |c 23 cm. 
336 |a text  |b txt  |2 rdacontent 
337 |a unmediated  |b n  |2 rdamedia 
338 |a volume  |b nc  |2 rdacarrier 
651 0 |a Mongolia  |x Description and travel. 
650 0 |a Russians  |z Mongolia. 
700 1 |a Otter-Barry, Robert Bruère,  |d 1879-  |e author. 
994 |a C0  |b TXA 
948 |a cataloged  |b h  |c 2005/2/1  |d c  |e bwalker  |f 1:25:21 pm 
999 |a MARS 
999 f f |s 66cd44c3-8240-30dc-9941-a739780925d1  |i 24c3aead-a859-3651-8734-14dc125f3fcf  |t 0 
952 f f |p normal  |a Texas A&M University  |b College Station  |c Sterling C. Evans Library  |d Evans: Library Stacks  |t 0  |e DS793.M7 P47 1914  |h Library of Congress classification  |i unmediated -- volume  |m A14831742365 
998 f f |a DS793.M7 P47 1914  |t 0  |l Evans: Library Stacks